Les 10 villes de Belgique les plus peuplées commençant par N - Statistiques

Statistiques générales
  • Ce quiz a été pris 19 fois
  • Le résultat moyen est 2 sur 10
Statistiques - réponses
# Ville Population % Correct
1 Namur 114.142
95%
3 Nivelles 29.070
53%
6 Nieuport 11.455
32%
2 Ninove 40.363
32%
9 Neufchâteau 8.260
16%
5 Nazareth-La Pinte 23.396
5%
8 Neupré 10.010
5%
7 Niel 10.966
5%
10 Nieuwerkerken 7.295
0%
4 Nylen 23.707
0%
Aucun quiz correspondant
Distribution des résultats
% des personnes avec chaque résultat
Percentile par nombre de réponses
Votre historique - résultats
Vous n’avez pas pris ce quiz